[Event "GRE-chT 49th"]
[Site "Thessaloniki"]
[Date "2022.08.17"]
[Round "7"]
[White "Perakaki, Makrina Eirini"]
[Black "Moutaftsi, Martha"]
[Result "1-0"]
[WhiteElo "1258"]
[BlackElo "1025"]
[PlyCount "77"]
[EventDate "2022.08.12"]
[EventType "team-swiss"]
[EventRounds "7"]
[EventCountry "GRE"]
[SourceTitle "EXT 2024"]
[Source "ChessBase"]
[SourceDate "2023.10.10"]
[SourceVersion "1"]
[SourceVersionDate "2023.10.10"]
[SourceQuality "1"]
[WhiteTeam "Kallithea"]
[BlackTeam "Asos Rodou Hippotis"]
[WhiteTeamCountry "GRE"]
[BlackTeamCountry "GRE"]

1. e4 e5 2. Nf3 Nc6 3. Bb5 a6 4. Ba4 Nf6 5. 0-0 d6 6. Re1 Be7 7. c3 b5 8. Bc2 h5 9. d4 h4 10. dxe5 dxe5 11. Qxd8+ Bxd8 12. Bb3 Rb8 13. Be3 Nxe4 14. Bd5 f6 15. Bxc6+ Kf7 16. Bxe4 g5 17. Ba7 g4 18. Nfd2 Bb7 19. Bxb8 c6 20. Bd6 Bb6 21. Bf5 g3 22. Ne4 Rh5 23. Bg4 Rh6 24. Bc5 Bd8 25. Nd6+ Kg6 26. Nxb7 Bc7 27. fxg3 hxg3 28. hxg3 Kf7 29. Nd2 Rg6 30. Bh5 Kg7 31. Bxg6 Kxg6 32. Ne4 f5 33. Ned6 e4 34. Rad1 Kf6 35. Ne8+ Kg5 36. Nxc7 Kg4 37. Rd8 Kxg3 38. Rf8 Kg4 39. Rf1 1-0

[Event "GRE-chT 49th"]
[Site "Thessaloniki"]
[Date "2022.08.13"]
[Round "2"]
[White "Perakaki, Makrina Eirini"]
[Black "Miliou, Pinelopi"]
[Result "1/2-1/2"]
[WhiteElo "1258"]
[BlackElo "1411"]
[PlyCount "101"]
[EventDate "2022.08.12"]
[EventType "team-swiss"]
[EventRounds "7"]
[EventCountry "GRE"]
[SourceTitle "EXT 2024"]
[Source "ChessBase"]
[SourceDate "2023.10.10"]
[SourceVersion "1"]
[SourceVersionDate "2023.10.10"]
[SourceQuality "1"]
[WhiteTeam "Kallithea"]
[BlackTeam "Xanthis"]
[WhiteTeamCountry "GRE"]
[BlackTeamCountry "GRE"]

1. e4 c5 2. Nf3 e6 3. d4 cxd4 4. Nxd4 Nc6 5. Nxc6 bxc6 6. Nc3 Nf6 7. Bd3 d5 8. 0-0 Be7 9. Kh1 0-0 10. Qe1 Bb7 11. e5 Nd7 12. f4 Nc5 13. f5 Nxd3 14. cxd3 exf5 15. Rxf5 c5 16. Bd2 Qd7 17. Rf1 a6 18. Qg3 Qe6 19. Rae1 Rac8 20. Ne2 d4 21. Nf4 Qh6 22. Nd5 Qh4 23. Nxe7+ Qxe7 24. Bh6 f6 25. exf6 Rxf6 26. Rxf6 Qxf6 27. Bf4 g6 28. Bh6 Bc6 29. h3 Re8 30. Rxe8+ Bxe8 31. Qb8 Qe6 32. Qc7 Qf7 33. Qxc5 Qf1+ 34. Kh2 Qf6 35. Qc4+ Kh8 36. Qc7 Kg8 37. b4 Bb5 38. Qc8+ Kf7 39. Qc7+ Qe7 40. Qf4+ Qf6 41. Qc7+ Qe7 42. Qxe7+ Kxe7 43. Bg7 Bxd3 44. Bxd4 Kd6 45. a4 Kc6 46. g4 h5 47. Kg3 hxg4 48. Kxg4 Bc2 49. a5 Kb5 50. Bc5 Bd3 51. Kf4 1/2-1/2

[Event "GRE-chT 48th"]
[Site "Athens"]
[Date "2021.09.07"]
[Round "1.3"]
[White "Perakaki, Makrina Eirini"]
[Black "Kouta, Antonia"]
[Result "1-0"]
[WhiteElo "1142"]
[BlackElo "1725"]
[PlyCount "45"]
[EventDate "2021.09.07"]
[EventType "team-swiss"]
[EventRounds "7"]
[EventCountry "GRE"]
[SourceTitle "CBM 204 Extra"]
[Source "ChessBase"]
[SourceDate "2021.11.30"]
[SourceVersion "1"]
[SourceVersionDate "2021.11.30"]
[SourceQuality "1"]
[WhiteTeam "Kallytheas"]
[BlackTeam "Epyk Irakliou Attykis"]
[WhiteTeamCountry "GRE"]
[BlackTeamCountry "GRE"]

1. e4 c5 2. Nf3 d6 3. d4 cxd4 4. Nxd4 Nf6 5. Nc3 a6 6. Bg5 Nbd7 7. f4 h6 8. Bh4 g6 9. Qf3 e5 10. fxe5 dxe5 11. Nb3 Be7 12. 0-0-0 g5 13. Bg3 Qc7 14. Bd3 Nc5 15. Nxc5 Bg4 16. Nd5 Nxd5 17. Qxg4 Ne3 18. Qd7+ Qxd7 19. Nxd7 Kxd7 20. Rd2 Ng4 21. Be2+ Kc6 22. Bxg4 h5 23. Bd7+ 1-0